[Event "Bundesliga 0001"]
[Site "Deutschland"]
[Date "2000.12.09"]
[Round "3.6"]
[White "Koch, Wolfgang Max"]
[Black "Ellers, Holger"]
[Result "1/2-1/2"]
[WhiteElo "2335"]
[BlackElo "2418"]
[PlyCount "61"]
[EventDate "2000.10.14"]
[EventType "team"]
[EventRounds "15"]
[EventCountry "GER"]
[SourceTitle "Bundesliga 0001"]
[Source "DeepChess"]
[SourceDate "2005.01.01"]
[SourceVersion "1"]
[SourceVersionDate "2005.01.01"]
[SourceQuality "1"]
[WhiteTeam "SF 1982 Baiertal Schatthausen"]
[BlackTeam "SV Wattenscheid 1930"]
[WhiteTeamCountry "GER"]
[BlackTeamCountry "GER"]

1. d4 Nf6 2. Nf3 e6 3. c4 Bb4+ 4. Bd2 a5 5. g3 d6 6. Bg2 Nbd7 7. O-O e5 8. dxe5
dxe5 9. Nc3 O-O 10. Nd5 Bxd2 11. Qxd2 c6 12. Nxf6+ Qxf6 13. Rad1 Re8 14. Ng5
Nc5 15. Ne4 Nxe4 16. Bxe4 Bg4 17. Qc2 h6 18. Rd2 Rad8 19. Rfd1 Rd4 20. f3 Bh3
21. e3 Rxd2 22. Qxd2 Qg5 23. Kf2 f5 24. Bd3 Qf6 25. Bf1 Bxf1 26. Kxf1 f4 27.
Kg2 fxe3 28. Qxe3 e4 29. Rd2 exf3+ 30. Qxf3 Qe6 31. Qd3 1/2-1/2

[Event "Bundesliga 0001"]
[Site "Deutschland"]
[Date "2000.12.09"]
[Round "3.7"]
[White "Straeter, Timo"]
[Black "Balzar, Andreas"]
[Result "1-0"]
[WhiteElo "2370"]
[BlackElo "2346"]
[PlyCount "135"]
[EventDate "2000.10.14"]
[EventType "team"]
[EventRounds "15"]
[EventCountry "GER"]
[SourceTitle "Bundesliga 0001"]
[Source "DeepChess"]
[SourceDate "2005.01.01"]
[SourceVersion "1"]
[SourceVersionDate "2005.01.01"]
[SourceQuality "1"]
[WhiteTeam "SV Wattenscheid 1930"]
[BlackTeam "SF 1982 Baiertal Schatthausen"]
[WhiteTeamCountry "GER"]
[BlackTeamCountry "GER"]

1. Nf3 d5 2. c4 c6 3. e3 Nf6 4. d4 e6 5. Bd3 Nbd7 6. Nbd2 Bd6 7. O-O O-O 8. e4
dxe4 9. Nxe4 Nxe4 10. Bxe4 h6 11. Re1 e5 12. Bc2 exd4 13. Qd3 Nf6 14. Nxd4 Bg4
15. h3 Bh5 16. Nf5 Bb4 17. Qg3 Bg6 18. Rd1 Qe8 19. Qf3 Qe5 20. a3 Bc5 21. Rb1
Rfd8 22. Rf1 Bf8 23. b4 Bxf5 24. Bxf5 g6 25. Bxg6 fxg6 26. Bb2 Rd4 27. Rfe1 Qf4
28. Bxd4 Qxd4 29. Rbd1 Qh4 30. Re5 Bg7 31. Re7 Qxc4 32. Rxb7 Rf8 33. Qe3 Rf7
34. Qxa7 Rxb7 35. Qxb7 Nd5 36. Qc8+ Kh7 37. Qg4 Qb3 38. Qf3 Qc4 39. Qd3 Qh4 40.
Re1 Nf4 41. Qf3 Qg5 42. h4 Qf5 43. g3 Nd3 44. Qxf5 gxf5 45. Rd1 Ne5 46. a4 Bf8
47. f4 Nc4 48. Rd7+ Kg6 49. Rc7 Bxb4 50. Rxc6+ Nd6 51. a5 Kh5 52. a6 Nb5 53.
Kg2 Bd2 54. Rc5 Na7 55. Kf3 Kg6 56. Rc7 Nb5 57. Rd7 Bc3 58. a7 Nxa7 59. Rxa7 h5
60. Ra6+ Kg7 61. Ra3 Bb2 62. Rb3 Bd4 63. Ke2 Kg6 64. Kd3 Bf2 65. Kc4 Kf6 66.
Kd5 Be1 67. Rb6+ Kg7 68. Rb1 1-0

[Event "Bundesliga 0001"]
[Site "Deutschland"]
[Date "2000.12.09"]
[Round "3.8"]
[White "Schulzke, Erich"]
[Black "Thiel, Thomas"]
[Result "0-1"]
[WhiteElo "2263"]
[BlackElo "2301"]
[PlyCount "84"]
[EventDate "2000.10.14"]
[EventType "team"]
[EventRounds "15"]
[EventCountry "GER"]
[SourceTitle "Bundesliga 0001"]
[Source "DeepChess"]
[SourceDate "2005.01.01"]
[SourceVersion "1"]
[SourceVersionDate "2005.01.01"]
[SourceQuality "1"]
[WhiteTeam "SF 1982 Baiertal Schatthausen"]
[BlackTeam "SV Wattenscheid 1930"]
[WhiteTeamCountry "GER"]
[BlackTeamCountry "GER"]

1. e4 e6 2. d4 d5 3. Nd2 c5 4. exd5 Qxd5 5. Ngf3 cxd4 6. Bc4 Qd8 7. O-O Nc6 8.
Nb3 Nf6 9. Nbxd4 Nxd4 10. Qxd4 Qxd4 11. Nxd4 a6 12. a4 Bc5 13. Nb3 Ba7 14. Bf4
Bd7 15. Be5 Rc8 16. Bd3 Ke7 17. Na5 Rc5 18. Bd4 Rxa5 19. Bxa7 Ra8 20. b4 Rxa4
21. Bc5+ Ke8 22. Rxa4 Bxa4 23. Ra1 Bc6 24. b5 Be4 25. Be2 a5 26. c4 Bc2 27. Bf3
Be4 28. Be2 Nd7 29. Bd4 e5 30. Bc3 b6 31. f4 exf4 32. Bxg7 Ke7 33. Bh6 Rg8 34.
Bxf4 Rxg2+ 35. Kf1 Rg6 36. Bg3 f5 37. Kf2 Nc5 38. Bh5 Re6 39. Rd1 Nd3+ 40. Ke3
f4+ 41. Bxf4 Bg6+ 42. Kd4 Nxf4 0-1

[Event "Bundesliga 0001"]
[Site "Deutschland"]
[Date "2000.12.09"]
[Round "3.2"]
[White "Rogozenko, Dorian"]
[Black "Muse, Mladen"]
[Result "1-0"]
[WhiteElo "2531"]
[BlackElo "2510"]
[PlyCount "73"]
[EventDate "2000.10.14"]
[EventType "team"]
[EventRounds "15"]
[EventCountry "GER"]
[SourceTitle "Bundesliga 0001"]
[Source "DeepChess"]
[SourceDate "2005.01.01"]
[SourceVersion "1"]
[SourceVersionDate "2005.01.01"]
[SourceQuality "1"]
[WhiteTeam "USC Magdeburg"]
[BlackTeam "SK Koenig Tegel 1949 e.V. "]
[WhiteTeamCountry "GER"]
[BlackTeamCountry "GER"]

1. d4 Nf6 2. c4 g6 3. g3 Bg7 4. Bg2 O-O 5. Nc3 d6 6. Nf3 c6 7. O-O Qa5 8. e4 e5
9. h3 Nbd7 10. Re1 exd4 11. Nxd4 Ne5 12. Bf1 Be6 13. Nxe6 fxe6 14. Be3 Nf7 15.
Qb3 Qc7 16. Rad1 g5 17. Bg2 Kh8 18. e5 dxe5 19. Ne4 Nxe4 20. Bxe4 Bf6 21. Bb1
Rg8 22. Rd2 Rad8 23. Red1 b6 24. c5 Rd5 25. cxb6 axb6 26. Qc2 e4 27. Qxe4 Ne5
28. Bxb6 Qg7 29. Kg2 Rb8 30. Be3 Rbd8 31. a4 Qb7 32. a5 R8d7 33. Bxg5 Bxg5 34.
Rxd5 exd5 35. Qxe5+ Rg7 36. Re1 Be7 37. a6 1-0

[Event "Bundesliga 0001"]
[Site "Deutschland"]
[Date "2000.12.09"]
[Round "3.3"]
[White "Paulsen, Dirk"]
[Black "Slobodjan, Roman"]
[Result "0-1"]
[WhiteElo "2431"]
[BlackElo "2539"]
[PlyCount "103"]
[EventDate "2000.10.14"]
[EventType "team"]
[EventRounds "15"]
[EventCountry "GER"]
[SourceTitle "Bundesliga 0001"]
[Source "DeepChess"]
[SourceDate "2005.01.01"]
[SourceVersion "1"]
[SourceVersionDate "2005.01.01"]
[SourceQuality "1"]
[WhiteTeam "SK Koenig Tegel 1949 e.V. "]
[BlackTeam "USC Magdeburg"]
[WhiteTeamCountry "GER"]
[BlackTeamCountry "GER"]

1. e4 d6 2. d4 Nf6 3. Nc3 g6 4. Bc4 c6 5. Qe2 Bg7 6. Nf3 O-O 7. O-O d5 8. Bd3
dxe4 9. Nxe4 Nxe4 10. Bxe4 Bg4 11. c3 e6 12. Bf4 Nd7 13. h3 Bxf3 14. Bxf3 Re8
15. Rad1 Nf6 16. Be5 a5 17. Rfe1 Re7 18. h4 Rd7 19. h5 Nd5 20. g3 Qf8 21. Kg2
g5 22. h6 Bxh6 23. Rh1 f6 24. c4 Nb4 25. Bg4 Re8 26. Bb8 f5 27. Bh5 Ree7 28.
Qe5 Bg7 29. Qxa5 Qxb8 30. Qxb4 Qd8 31. d5 exd5 32. cxd5 cxd5 33. Bf3 g4 34.
Bxd5+ Rxd5 35. Qb3 Ree5 36. Rhe1 Kh8 37. Rxd5 Rxd5 38. Qxb7 Rd7 39. Qb5 f4 40.
Qh5 Qa8+ 41. Kg1 Rd8 42. Qxg4 fxg3 43. fxg3 Qxa2 44. b4 Qd2 45. Re2 Qd1+ 46.
Kg2 Rf8 47. Qe4 Bd4 48. Kh3 Qf1+ 49. Qg2 Qf5+ 50. g4 Qd3+ 51. Kh2 Ba7 52. Kh1
0-1

[Event "Bundesliga 0001"]
[Site "Deutschland"]
[Date "2000.12.09"]
[Round "3.4"]
[White "Baklan, Vladimir"]
[Black "Lipinsky, Fabian"]
[Result "1/2-1/2"]
[WhiteElo "2599"]
[BlackElo "2362"]
[PlyCount "84"]
[EventDate "2000.10.14"]
[EventType "team"]
[EventRounds "15"]
[EventCountry "GER"]
[SourceTitle "Bundesliga 0001"]
[Source "DeepChess"]
[SourceDate "2005.01.01"]
[SourceVersion "1"]
[SourceVersionDate "2005.01.01"]
[SourceQuality "1"]
[WhiteTeam "USC Magdeburg"]
[BlackTeam "SK Koenig Tegel 1949 e.V. "]
[WhiteTeamCountry "GER"]
[BlackTeamCountry "GER"]

1. e4 e5 2. Nf3 Nf6 3. Nxe5 d6 4. Nf3 Nxe4 5. d4 d5 6. Bd3 Nc6 7. O-O Be7 8. c4
Nb4 9. Be2 O-O 10. Nc3 b6 11. Ne5 Bb7 12. Re1 c5 13. Bf3 cxd4 14. Nxd5 f5 15.
Nf4 Qc7 16. Ned3 Qxc4 17. Be2 Qc2 18. Ne6 Ba6 19. Nxf8 Bxd3 20. Bxd3 Qxf2+ 21.
Kh1 Nxd3 22. Rf1 Qh4 23. Qxd3 Bd6 24. Qb3+ Kh8 25. Qh3 Qxh3 26. gxh3 Rxf8 27.
Bf4 Bxf4 28. Rxf4 g6 29. Rd1 Rd8 30. Kg2 Kg7 31. Kf3 Kf6 32. Ke2 Ke5 33. Rff1
f4 34. h4 Nc5 35. Rfe1 d3+ 36. Kf3+ Kf5 37. Re7 d2 38. Rf7+ Ke5 39. Re7+ Kf6
40. Re2 Rd3+ 41. Kxf4 Ne6+ 42. Ke4 Nc5+ 1/2-1/2

[Event "Bundesliga 0001"]
[Site "Deutschland"]
[Date "2000.12.09"]
[Round "3.5"]
[White "Von Herman, Ulf"]
[Black "Georgiev, Vladimir"]
[Result "0-1"]
[WhiteElo "2357"]
[BlackElo "2564"]
[PlyCount "66"]
[EventDate "2000.10.14"]
[EventType "team"]
[EventRounds "15"]
[EventCountry "GER"]
[SourceTitle "Bundesliga 0001"]
[Source "DeepChess"]
[SourceDate "2005.01.01"]
[SourceVersion "1"]
[SourceVersionDate "2005.01.01"]
[SourceQuality "1"]
[WhiteTeam "SK Koenig Tegel 1949 e.V. "]
[BlackTeam "USC Magdeburg"]
[WhiteTeamCountry "GER"]
[BlackTeamCountry "GER"]

1. d4 d6 2. e4 g6 3. Nc3 Bg7 4. Be3 a6 5. Qd2 b5 6. a4 b4 7. Nd1 a5 8. Bd3 Nd7
9. Ne2 Ngf6 10. f3 c5 11. c3 O-O 12. O-O Qc7 13. Rc1 b3 14. Bb5 c4 15. Bh6 Nb6
16. Bxg7 Kxg7 17. Ng3 Bd7 18. Ne3 Bxb5 19. axb5 a4 20. f4 a3 21. e5 Nfd5 22. f5
axb2 23. Rce1 dxe5 24. Ng4 Nf6 25. Qh6+ Kg8 26. Nxf6+ exf6 27. dxe5 Nd7 28. e6
Ne5 29. Kh1 fxe6 30. fxe6 Nd3 31. e7 Rfe8 32. Re6 Nf2+ 33. Kg1 Qc5 0-1

[Event "Bundesliga 0001"]
[Site "Deutschland"]
[Date "2000.12.09"]
[Round "3.6"]
[White "Proehl, Holger"]
[Black "Fette, Martin"]
[Result "1-0"]
[WhiteElo "2386"]
[BlackElo "2346"]
[PlyCount "67"]
[EventDate "2000.10.14"]
[EventType "team"]
[EventRounds "15"]
[EventCountry "GER"]
[SourceTitle "Bundesliga 0001"]
[Source "DeepChess"]
[SourceDate "2005.01.01"]
[SourceVersion "1"]
[SourceVersionDate "2005.01.01"]
[SourceQuality "1"]
[WhiteTeam "USC Magdeburg"]
[BlackTeam "SK Koenig Tegel 1949 e.V. "]
[WhiteTeamCountry "GER"]
[BlackTeamCountry "GER"]

1. e4 e5 2. Nc3 Nf6 3. Nf3 d6 4. g3 Be7 5. Bg2 O-O 6. O-O Nc6 7. h3 Nd7 8. Nd5
Nc5 9. Re1 f5 10. exf5 Bxf5 11. d4 Nd7 12. c3 Kh8 13. dxe5 dxe5 14. Nxe7 Qxe7
15. g4 Bg6 16. Bg5 Qf7 17. Qb3 h6 18. Bh4 Qxb3 19. axb3 e4 20. Nd2 Nc5 21. Re3
a5 22. Bg3 Rfd8 23. Bxe4 Bxe4 24. Nxe4 Nxb3 25. Ra3 Nd2 26. Nxd2 Rxd2 27. Rb3
a4 28. Rxb7 Rd1+ 29. Kg2 Rb1 30. Rxc7 Rxb2 31. Rxc6 a3 32. Re7 Rb5 33. Be5 a2
34. Rxh6+ 1-0

[Event "Bundesliga 0001"]
[Site "Deutschland"]
[Date "2000.12.09"]
[Round "3.7"]
[White "Pachow, Joerg"]
[Black "Stolz, Mike"]
[Result "1-0"]
[WhiteElo "2297"]
[BlackElo "2318"]
[PlyCount "149"]
[EventDate "2000.10.14"]
[EventType "team"]
[EventRounds "15"]
[EventCountry "GER"]
[SourceTitle "Bundesliga 0001"]
[Source "DeepChess"]
[SourceDate "2005.01.01"]
[SourceVersion "1"]
[SourceVersionDate "2005.01.01"]
[SourceQuality "1"]
[WhiteTeam "SK Koenig Tegel 1949 e.V. "]
[BlackTeam "USC Magdeburg"]
[WhiteTeamCountry "GER"]
[BlackTeamCountry "GER"]

1. e4 e5 2. Nf3 Nf6 3. d4 exd4 4. e5 Ne4 5. Qxd4 d5 6. exd6 Nxd6 7. Nc3 Nc6 8.
Qf4 Bf5 9. Bb5 Qe7+ 10. Be3 Nxb5 11. Nxb5 Qb4+ 12. Qxb4 Bxb4+ 13. c3 Bd6 14.
Nxd6+ cxd6 15. O-O-O Be6 16. Bf4 d5 17. Nd4 Nxd4 18. Rxd4 Rc8 19. Rhd1 Kd7 20.
Rb4 b6 21. Be3 Rc6 22. Rh4 h5 23. Ra4 Ra8 24. Rad4 Ke7 25. Kc2 Rc4 26. b3 Rxd4
27. Bxd4 f6 28. a4 Kd6 29. Ra1 Kc6 30. a5 Rb8 31. axb6 axb6 32. Ra7 Bd7 33. Kd2
Kd6 34. Be3 Ke7 35. h3 g6 36. Bd4 f5 37. Be3 Ke6 38. Bf4 Rc8 39. Be3 b5 40. h4
Rc6 41. Bd4 Ke7 42. f3 Kd8 43. Ke3 Re6+ 44. Kf4 Kc8 45. g3 Kd8 46. Kg5 Kc8 47.
b4 Be8 48. Kh6 Kd8 49. Ra8+ Kd7 50. Bc5 Kc7 51. Kg7 Bc6 52. Ra7+ Kd8 53. Kf7
Bd7 54. Bd4 Kc8 55. Ra8+ Kc7 56. Rg8 Rc6 57. Be5+ Kb7 58. Rb8+ Ka6 59. Rd8 Bc8
60. Bd4 Kb7 61. Re8 f4 62. Re7+ Ka8 63. gxf4 Bf5 64. Be5 Rc8 65. Kg7 Rd8 66.
Kh6 Rg8 67. Kg5 Rc8 68. Rf7 Rg8 69. Rxf5 gxf5+ 70. Kxf5 Kb7 71. Ke6 Kc6 72. Kf7
Rg3 73. f5 Rxf3 74. Ke6 d4 75. cxd4 1-0

[Event "Bundesliga 0001"]
[Site "Deutschland"]
[Date "2000.12.09"]
[Round "3.8"]
[White "Meier, Volker"]
[Black "Giemsa, Stephan"]
[Result "1/2-1/2"]
[WhiteElo "2288"]
[BlackElo "2299"]
[PlyCount "66"]
[EventDate "2000.10.14"]
[EventType "team"]
[EventRounds "15"]
[EventCountry "GER"]
[SourceTitle "Bundesliga 0001"]
[Source "DeepChess"]
[SourceDate "2005.01.01"]
[SourceVersion "1"]
[SourceVersionDate "2005.01.01"]
[SourceQuality "1"]
[WhiteTeam "USC Magdeburg"]
[BlackTeam "SK Koenig Tegel 1949 e.V. "]
[WhiteTeamCountry "GER"]
[BlackTeamCountry "GER"]

1. e4 e6 2. d4 d5 3. Nd2 c5 4. exd5 Qxd5 5. Ngf3 cxd4 6. Bc4 Qd8 7. O-O a6 8.
a4 Qc7 9. Nxd4 Bd6 10. h3 Ne7 11. Bb3 O-O 12. c3 Nbc6 13. Nxc6 Nxc6 14. Nc4 Bc5
15. Bc2 e5 16. Be3 Bxe3 17. Nxe3 Be6 18. Bb3 Rad8 19. Qc2 Bxb3 20. Qxb3 Na5 21.
Qb4 Nc6 22. Qc4 Qb6 23. b4 Ne7 24. Rfd1 Rc8 25. Qb3 Qc6 26. Rac1 b5 27. axb5
axb5 28. c4 bxc4 29. Rxc4 Qb5 30. Rdc1 Rxc4 31. Qxc4 Rb8 32. Qe4 Qxb4 33. Qxe5
Ng6 1/2-1/2

[Event "Bundesliga 0001"]
[Site "Deutschland"]
[Date "2000.12.09"]
[Round "3.1"]
[White "Van der Sterren, Paul"]
[Black "Balcerak, Jakob"]
[Result "1-0"]
[WhiteElo "2569"]
[BlackElo "2413"]
[PlyCount "89"]
[EventDate "2000.10.14"]
[EventType "team"]
[EventRounds "15"]
[EventCountry "GER"]
[SourceTitle "Bundesliga 0001"]
[Source "DeepChess"]
[SourceDate "2005.01.01"]
[SourceVersion "1"]
[SourceVersionDate "2005.01.01"]
[SourceQuality "1"]
[WhiteTeam "SV Castrop Rauxel 1923"]
[BlackTeam "TSV Schott Mainz"]
[WhiteTeamCountry "GER"]
[BlackTeamCountry "GER"]

1. c4 Nf6 2. Nc3 e5 3. Nf3 Nc6 4. g3 Nd4 5. Bg2 Nxf3+ 6. Bxf3 Bb4 7. Qb3 Bc5 8.
d3 h6 9. g4 c6 10. h4 Qb6 11. Qxb6 Bxb6 12. g5 hxg5 13. hxg5 Rxh1+ 14. Bxh1 Nh7
15. f4 d6 16. Ne4 Bc7 17. fxe5 dxe5 18. b4 a6 19. Be3 Nf8 20. Kd2 Ne6 21. Bg2
Ke7 22. Rh1 Bd7 23. a4 Rd8 24. a5 Bc8 25. Rh7 Kf8 26. Bb6 Kg8 27. Rh4 Bxb6 28.
axb6 Nf4 29. Bf3 Ng6 30. Rh1 Ne7 31. Kc3 Nf5 32. Ra1 Nd6 33. Ra5 Nxe4+ 34. Bxe4
f6 35. gxf6 gxf6 36. b5 cxb5 37. cxb5 axb5 38. Ra8 Rf8 39. Rb8 Kf7 40. Bxb7
Bxb7 41. Rxb7+ Ke6 42. Kb4 Kd5 43. Kxb5 Kd4 44. Rc7 Ke3 45. Rc2 1-0

[Event "Bundesliga 0001"]
[Site "Deutschland"]
[Date "2000.12.09"]
[Round "3.2"]
[White "Kosten, Anthony C"]
[Black "King, Daniel J"]
[Result "1/2-1/2"]
[WhiteElo "2524"]
[BlackElo "2525"]
[PlyCount "72"]
[EventDate "2000.10.14"]
[EventType "team"]
[EventRounds "15"]
[EventCountry "GER"]
[SourceTitle "Bundesliga 0001"]
[Source "DeepChess"]
[SourceDate "2005.01.01"]
[SourceVersion "1"]
[SourceVersionDate "2005.01.01"]
[SourceQuality "1"]
[WhiteTeam "TSV Schott Mainz"]
[BlackTeam "SV Castrop Rauxel 1923"]
[WhiteTeamCountry "GER"]
[BlackTeamCountry "GER"]

1. e4 c5 2. c3 e6 3. d4 d5 4. exd5 exd5 5. Nf3 Nf6 6. Nbd2 Bd6 7. dxc5 Bxc5 8.
Nb3 Bb6 9. Bb5+ Nc6 10. O-O O-O 11. Bg5 a6 12. Bxc6 bxc6 13. Ne5 Qd6 14. Nc4
Qc7 15. Nxb6 Ng4 16. g3 Qxb6 17. Qd4 Rb8 18. Rfe1 Qxd4 19. cxd4 Bf5 20. f3 Nf6
21. Bxf6 gxf6 22. Rac1 Rfc8 23. Rc3 a5 24. Re2 a4 25. Nc5 Rb4 26. Rd2 Rcb8 27.
g4 Bb1 28. b3 axb3 29. axb3 Ra8 30. Nd7 Kg7 31. Rxc6 Rxb3 32. Kg2 Raa3 33. Nxf6
Rxf3 34. Nh5+ Kf8 35. Nf6 Be4 36. Nxe4 dxe4 1/2-1/2

[Event "Bundesliga 0001"]
[Site "Deutschland"]
[Date "2000.12.09"]
[Round "3.4"]
[White "Lisanti, Andre"]
[Black "Seul, Georg"]
[Result "0-1"]
[WhiteElo "2300"]
[BlackElo "2447"]
[PlyCount "62"]
[EventDate "2000.10.14"]
[EventType "team"]
[EventRounds "15"]
[EventCountry "GER"]
[SourceTitle "Bundesliga 0001"]
[Source "DeepChess"]
[SourceDate "2005.01.01"]
[SourceVersion "1"]
[SourceVersionDate "2005.01.01"]
[SourceQuality "1"]
[WhiteTeam "TSV Schott Mainz"]
[BlackTeam "SV Castrop Rauxel 1923"]
[WhiteTeamCountry "GER"]
[BlackTeamCountry "GER"]

1. e4 d6 2. d4 g6 3. Bc4 c6 4. Bb3 Nf6 5. Qe2 Bg7 6. e5 dxe5 7. dxe5 Nd5 8. Nf3
a5 9. a3 a4 10. Ba2 Bg4 11. O-O Nd7 12. e6 Bxe6 13. Ng5 Nc5 14. Rd1 Qa5 15. Nd2
O-O 16. Nc4 Qc7 17. g3 Bf5 18. Ne3 Nxe3 19. Bxe3 b6 20. g4 Bc8 21. Bxc5 bxc5
22. Qf3 e6 23. Qh3 h6 24. Ne4 Qf4 25. Nxc5 e5 26. Nd7 Rd8 27. Nb6 Bxg4 28.
Rxd8+ Rxd8 29. Qe3 Qf5 30. Nxa4 Bf3 31. Kf1 Qg4 0-1

[Event "Bundesliga 0001"]
[Site "Deutschland"]
[Date "2000.12.09"]
[Round "3.5"]
[White "Appel, Ralf"]
[Black "Vogler, Tilmann"]
[Result "1-0"]
[WhiteElo "2481"]
[BlackElo "2373"]
[PlyCount "82"]
[EventDate "2000.10.14"]
[EventType "team"]
[EventRounds "15"]
[EventCountry "GER"]
[SourceTitle "Bundesliga 0001"]
[Source "DeepChess"]
[SourceDate "2005.01.01"]
[SourceVersion "1"]
[SourceVersionDate "2005.01.01"]
[SourceQuality "1"]
[WhiteTeam "SV Castrop Rauxel 1923"]
[BlackTeam "TSV Schott Mainz"]
[WhiteTeamCountry "GER"]
[BlackTeamCountry "GER"]

1. Nf3 e6 2. g3 b5 3. e4 Bb7 4. d3 c5 5. Bg2 Nc6 6. O-O g6 7. d4 cxd4 8. Nxd4
a6 9. Nb3 h5 10. h4 Nh6 11. Bf4 d6 12. a4 bxa4 13. Rxa4 Ng4 14. Na3 Be7 15. Nc4
Nce5 16. Bxe5 Nxe5 17. Nxe5 dxe5 18. Qxd8+ Rxd8 19. Rfa1 g5 20. hxg5 h4 21. Bf1
hxg3 22. fxg3 Bc6 23. Rc4 Bb5 24. Rc7 Bxf1 25. Rxf1 Rg8 26. Kg2 Rxg5 27. Rh1
Rg8 28. Kf3 Rd6 29. Ra7 Bd8 30. Ra1 Rc6 31. Rc1 Kf8 32. Rd1 Kg7 33. c3 Bg5 34.
Rdd7 Rf8 35. Na5 Rb6 36. Nc4 Rb5 37. Rxa6 Kg6 38. Raa7 Bc1 39. b4 Bh6 40. Rxf7
Rxf7+ 41. Rxf7 Bd2 1-0

[Event "Bundesliga 0001"]
[Site "Deutschland"]
[Date "2000.12.09"]
[Round "3.6"]
[White "Wornath, Kai Rudolf"]
[Black "Hoffmann, Michael"]
[Result "0-1"]
[WhiteElo "2398"]
[BlackElo "2458"]
[PlyCount "62"]
[EventDate "2000.10.14"]
[EventType "team"]
[EventRounds "15"]
[EventCountry "GER"]
[SourceTitle "Bundesliga 0001"]
[Source "DeepChess"]
[SourceDate "2005.01.01"]
[SourceVersion "1"]
[SourceVersionDate "2005.01.01"]
[SourceQuality "1"]
[WhiteTeam "TSV Schott Mainz"]
[BlackTeam "SV Castrop Rauxel 1923"]
[WhiteTeamCountry "GER"]
[BlackTeamCountry "GER"]

1. d4 Nf6 2. c4 e6 3. Nf3 c5 4. d5 d6 5. Nc3 exd5 6. cxd5 g6 7. e4 a6 8. a4 Bg4
9. Be2 Bxf3 10. Bxf3 Nbd7 11. O-O Bg7 12. Bf4 Qe7 13. Qd2 O-O 14. Rae1 c4 15.
Qe2 Rac8 16. e5 dxe5 17. Bxe5 Nxe5 18. Qxe5 Qxe5 19. Rxe5 Ne8 20. Re2 Bxc3 21.
bxc3 Nd6 22. Rb1 Rfd8 23. Rb6 Kf8 24. Kf1 Rc5 25. Reb2 Rc7 26. Ke2 Re7+ 27. Kd2
Ne4+ 28. Bxe4 Rxe4 29. Rxb7 Rxd5+ 30. Kc1 Re1+ 31. Kc2 Red1 0-1

[Event "Bundesliga 0001"]
[Site "Deutschland"]
[Date "2000.12.09"]
[Round "3.7"]
[White "Dinstuhl, Volkmar"]
[Black "Neidhardt, Claus Ulrich"]
[Result "1-0"]
[WhiteElo "2412"]
[BlackElo "2429"]
[PlyCount "53"]
[EventDate "2000.10.14"]
[EventType "team"]
[EventRounds "15"]
[EventCountry "GER"]
[SourceTitle "Bundesliga 0001"]
[Source "DeepChess"]
[SourceDate "2005.01.01"]
[SourceVersion "1"]
[SourceVersionDate "2005.01.01"]
[SourceQuality "1"]
[WhiteTeam "SV Castrop Rauxel 1923"]
[BlackTeam "TSV Schott Mainz"]
[WhiteTeamCountry "GER"]
[BlackTeamCountry "GER"]

1. d4 d6 2. c4 Nf6 3. Nf3 Bg4 4. e3 Nbd7 5. Be2 e5 6. Nc3 Be7 7. O-O O-O 8. e4
c6 9. Be3 a6 10. d5 cxd5 11. cxd5 b5 12. Nd2 Bxe2 13. Qxe2 Qb8 14. a4 b4 15.
Na2 Rc8 16. Rfc1 Qb7 17. b3 Bd8 18. Rc4 a5 19. Rac1 Bb6 20. Rc6 Bxe3 21. Qxe3
Ne8 22. Nc4 Rxc6 23. dxc6 Qxc6 24. Nxa5 Qb6 25. Qxb6 Nxb6 26. Nc6 d5 27. a5 1-0

[Event "Bundesliga 0001"]
[Site "Deutschland"]
[Date "2000.12.09"]
[Round "3.8"]
[White "Kienast, Joerg"]
[Black "Brendel, Oliver"]
[Result "0-1"]
[WhiteElo "2204"]
[BlackElo "2394"]
[PlyCount "54"]
[EventDate "2000.10.14"]
[EventType "team"]
[EventRounds "15"]
[EventCountry "GER"]
[SourceTitle "Bundesliga 0001"]
[Source "DeepChess"]
[SourceDate "2005.01.01"]
[SourceVersion "1"]
[SourceVersionDate "2005.01.01"]
[SourceQuality "1"]
[WhiteTeam "TSV Schott Mainz"]
[BlackTeam "SV Castrop Rauxel 1923"]
[WhiteTeamCountry "GER"]
[BlackTeamCountry "GER"]

1. e4 c5 2. Nf3 g6 3. c3 Bg7 4. d4 cxd4 5. cxd4 d5 6. e5 Bg4 7. Be2 Nc6 8. Nc3
Nh6 9. h3 Bxf3 10. Bxf3 Nf5 11. Ne2 e6 12. b3 Nh4 13. Qd3 O-O 14. O-O Nb4 15.
Qb5 Nxf3+ 16. gxf3 Qb6 17. Qa4 Rfc8 18. Bd2 Nd3 19. b4 Qa6 20. Qb3 Nxb4 21.
Bxb4 Qxe2 22. Bd6 Bh6 23. Kg2 b6 24. Rad1 Rc2 25. a3 Rac8 26. Rd3 Rc1 27. Rfd1
R8c2 0-1

[Event "Bundesliga 0001"]
[Site "Deutschland"]
[Date "2000.12.10"]
[Round "4.1"]
[White "Feygin, Michail"]
[Black "Dautov, Rustem"]
[Result "0-1"]
[WhiteElo "2482"]
[BlackElo "2606"]
[PlyCount "96"]
[EventDate "2000.10.14"]
[EventType "team"]
[EventRounds "15"]
[EventCountry "GER"]
[SourceTitle "Bundesliga 0001"]
[Source "DeepChess"]
[SourceDate "2005.01.01"]
[SourceVersion "1"]
[SourceVersionDate "2005.01.01"]
[SourceQuality "1"]
[WhiteTeam "SC Hassel KS Gelsenkirchen"]
[BlackTeam "Godesberger SK 1929"]
[WhiteTeamCountry "GER"]
[BlackTeamCountry "GER"]

1. e4 c6 2. Nc3 d5 3. d4 dxe4 4. Nxe4 Bf5 5. Ng3 Bg6 6. h4 h6 7. Nf3 Nf6 8. Ne5
Bh7 9. Bd3 Bxd3 10. Qxd3 e6 11. Bd2 Be7 12. O-O-O O-O 13. f4 Nbd7 14. Rhe1 c5
15. Nxd7 Qxd7 16. f5 cxd4 17. fxe6 fxe6 18. Qb3 Nd5 19. Re4 Bc5 20. Rg4 Kh8 21.
Nh5 Qf7 22. Nf4 Nxf4 23. Rxf4 Qe7 24. Re4 e5 25. Rde1 Bd6 26. Rxd4 exd4 27.
Rxe7 Bxe7 28. Qxb7 Rf1+ 29. Be1 Re8 30. Kd2 Bd6 31. Qxa7 Rexe1 32. Qa6 Rd1+ 33.
Ke2 Rde1+ 34. Kd2 Be5 35. h5 Rd1+ 36. Ke2 Rde1+ 37. Kd2 Bf6 38. a4 Rd1+ 39. Ke2
Rfe1+ 40. Kf2 Kh7 41. Qc8 Rf1+ 42. Ke2 Bg5 43. Qa6 d3+ 44. Qxd3+ Rxd3 45. Kxd3
Rd1+ 46. Kc3 Bf6+ 47. Kb3 Rd5 48. Kc4 Rxh5 0-1